Pensar la dictadura: terrorismo de estado en argentina : preguntas, respuestasy propuestas para su enseñanza /
Guardado en:
| Autor Principal: | |
|---|---|
| Otros Autores: | , , , , , , |
| Formato: | Libro |
| Publicado: |
Buenos Aires :
Ministerio de Educación de la Nación,
2014
|
| Materias: | |
| Etiquetas: |
Agregar Etiqueta
Sin Etiquetas, Sea el primero en etiquetar este registro!
|
| LEADER | 01138nam a22003135a 4500 | ||
|---|---|---|---|
| 001 | CEM.cems014819 | ||
| 005 | 20171214090245.0 | ||
| 008 | 130507s2014##################000#0#####d | ||
| 003 | CEMS | ||
| 020 | |a 9789500010108 | ||
| 082 | 0 | 4 | |a 364.071 |
| 100 | 1 | |a Adamoli, María Celeste | |
| 245 | 1 | 0 | |a Pensar la dictadura: terrorismo de estado en argentina : |b preguntas, respuestasy propuestas para su enseñanza / |c María Celeste Adamoli ... y Otros |
| 260 | |a Buenos Aires : |b Ministerio de Educación de la Nación, |c 2014 | ||
| 300 | |a 192 p. | ||
| 505 | 0 | |a El terrorismo de Estado -- Dictadura y sociedad -- La dictadura en ek Mundo -- El pasado en el presente | |
| 653 | |a Dictadura | ||
| 653 | |a Historia | ||
| 653 | |a Historia argentina | ||
| 653 | |a Terrorismo | ||
| 700 | 1 | |a Farías, Matías | |
| 700 | 1 | |a Flachsland, Cecilia | |
| 700 | 1 | |a Harracá, Mariano | |
| 700 | 1 | |a Lorenz, federico | |
| 700 | 1 | |a Luzuriaga, Pablo | |
| 700 | 1 | |a Rosemberg, Violeta | |
| 700 | 1 | |a Vannucchi, Edgardo | |
| 859 | |a CEMS |b BIB. CEMS - 11 de abril |h 364.071 |i Ad16 |p 27406.18 |t Ej.1 | ||
| 859 | |a CEMS |b BIB. CEMS - 11 de abril |h 364.071 |i Ad16 |p 28084.19 |t Ej.2 | ||
